000 00259nam a2200097Ia 4500
008 240331s9999 xx 000 0 und d
082 _bFER
100 _aFernando, Vijita
245 0 _aHer Story :
_bCase studies on violence- LogosVol.30,No.2 June 1991
942 _cL
999 _c5479
_d5479